| 000 | 00600nam a2200205Ia 4500 | ||
|---|---|---|---|
| 003 | OSt | ||
| 005 | 20251208114847.0 | ||
| 008 | 221004b |||||||| |||| 00| 0 eng d | ||
| 037 | _cTB | ||
| 040 |
_aCRL _cCRL _beng |
||
| 041 |
_2eng _aeng |
||
| 084 |
_aQ127:25 152P0 _qCRL |
||
| 100 |
_aPandya G.T. _9591755 |
||
| 245 | 0 | _aIsavasya upanisad | |
| 260 |
_aGujarat,India: _bMr Prakash jinabhai Thakore India, _c2000. |
||
| 300 |
_axxxxvi, 393p. _ccm. |
||
| 650 |
_aRELIGION _9855154 |
||
| 942 |
_hQ127:25, 152P0 _cTB _2cc _n0 |
||
| 999 |
_c952188 _d952188 |
||